[Event "Reykjavik op"]
[Site "Reykjavik"]
[Date "1996.??.??"]
[Round "6"]
[White "Borge, Nikolaj"]
[Black "Jonasson, Benedikt"]
[Result "1-0"]
[WhiteElo "2455"]
[BlackElo "2280"]
[PlyCount "81"]
[EventDate "1996.03.??"]
[EventType "swiss"]
[EventRounds "9"]
[EventCountry "ISL"]
[SourceTitle "CBM 052"]
[Source "ChessBase"]
[SourceDate "1996.06.01"]
[SourceVersion "1"]
[SourceVersionDate "1996.06.01"]
[SourceQuality "1"]

1. e4 c5 2. Nf3 Nc6 3. d4 cxd4 4. Nxd4 g6 5. Nc3 Bg7 6. Be3 Nf6 7. Bc4 0-0 8. Bb3 d6 9. f3 Bd7 10. Qe2 Nxd4 11. Bxd4 Qa5 12. 0-0-0 Rac8 13. Kb1 b5 14. Bxf6 exf6 15. Rxd6 Bc6 16. Qd2 Qc7 17. Rd3 a5 18. a4 bxa4 19. Bxa4 Bxa4 20. Nxa4 f5 21. exf5 Rb8 22. Rb3 Qc6 23. Qf4 Rbc8 24. Rc1 gxf5 25. Rb6 Qd5 26. c4 Qd3+ 27. Ka2 Rfe8 28. Rb5 Re2 29. Rd5 Qe3 30. Qxe3 Rxe3 31. Rc2 Be5 32. h3 Kf8 33. Nb6 Re8 34. Nd7+ Kg7 35. Nxe5 R3xe5 36. Rxe5 Rxe5 37. c5 Re8 38. c6 Kf6 39. c7 Rc8 40. Ka3 Ke6 41. Ka4 1-0

[Event "ISL-ch"]
[Site "Gardabaer"]
[Date "1996.??.??"]
[Round "3"]
[White "Jonasson, Benedikt"]
[Black "Bjarnason, Saevar"]
[Result "1/2-1/2"]
[WhiteElo "2280"]
[BlackElo "2305"]
[PlyCount "30"]
[EventDate "1996.??.??"]
[EventType "tourn"]
[EventRounds "11"]
[EventCountry "ISL"]
[EventCategory "6"]
[SourceTitle "EXT 1998"]
[Source "ChessBase"]
[SourceDate "1997.11.17"]
[SourceVersion "1"]
[SourceVersionDate "1997.11.17"]
[SourceQuality "1"]

1. e4 e5 2. Nf3 Nc6 3. Bb5 a6 4. Ba4 Nf6 5. 0-0 Be7 6. Re1 b5 7. Bb3 d6 8. c3 0-0 9. h3 Bb7 10. d4 Re8 11. dxe5 Nxe5 12. Nxe5 dxe5 13. Qf3 c5 14. Nd2 c4 15. Bc2 Nd7 1/2-1/2

[Event "ISL-ch"]
[Site "Gardabaer"]
[Date "1996.??.??"]
[Round "10"]
[White "Jonasson, Benedikt"]
[Black "Gretarsson, Helgi Ass"]
[Result "1/2-1/2"]
[WhiteElo "2280"]
[BlackElo "2450"]
[PlyCount "86"]
[EventDate "1996.??.??"]
[EventType "tourn"]
[EventRounds "11"]
[EventCountry "ISL"]
[EventCategory "6"]
[SourceTitle "EXT 1998"]
[Source "ChessBase"]
[SourceDate "1997.11.17"]
[SourceVersion "1"]
[SourceVersionDate "1997.11.17"]
[SourceQuality "1"]

1. e4 e5 2. Nf3 Nc6 3. Bb5 a6 4. Ba4 d6 5. c3 Bd7 6. d4 Nge7 7. Be3 Ng6 8. h4 Be7 9. h5 Nh4 10. Nxh4 Bxh4 11. d5 Nb8 12. Qg4 Bf6 13. Bxd7+ Nxd7 14. Nd2 h6 15. g3 a5 16. a4 Nf8 17. Nc4 Qd7 18. Qxd7+ Nxd7 19. Ke2 Bg5 20. f4 exf4 21. gxf4 Bf6 22. Kd3 g5 23. hxg6 fxg6 24. Rag1 Kf7 25. Rg2 g5 26. fxg5 hxg5 27. Rhg1 Rh5 28. Bxg5 Nc5+ 29. Kc2 Rxg5 30. Rxg5 Bxg5 31. Rxg5 Nxe4 32. Rh5 Nf6 33. Rg5 b6 34. Na3 Re8 35. Nb5 Re2+ 36. Kd3 Rxb2 37. Nxc7 Nd7 38. Nb5 Nc5+ 39. Kc4 Kf6 40. Rg8 Nxa4 41. Nxd6 b5+ 42. Nxb5 Nb6+ 43. Kc5 Nxd5 1/2-1/2